| 000 | 01692cam a2200313 i 4500 | ||
|---|---|---|---|
| 001 | xx002158724 | ||
| 003 | NUKAT | ||
| 005 | 20260416194923.0 | ||
| 008 | 110811s1906 ru |000 0 pol c | ||
| 035 | _a(OCoLC)802434429 | ||
| 035 | _a(NUKAT)xx002158724 | ||
| 040 |
_aPOZN U/MC _cPOZN U/MC _dPOZN U/KK _dPOZN U/DWs |
||
| 041 | 1 |
_apol _hger |
|
| 099 | _atn_792110 | ||
| 245 | 0 | 0 | _aNowo wydany Kancyonał pruski, zawieraiący w sobie wybór pieśni starych i nowych, w ziemi pruskiey i brandenburskiey zwyczaynych, z wyrokami Pisma Ś. nad każdą pieśnią z gorliwemi modlitwami kościelnemi, pospolitemi i osobliwemi, wszystkim w obec służącemi, a oraz też z potrzebnemi reiestrami z przedmową nauczaiącą jakim sposobem tego Kancyonału każdy ku zbudowaniu swemu zażywać ma. |
| 246 | 3 | 0 | _aNowo wydany kancjonał pruski zawierający w sobie wybór pieśni starych i nowych w ziemi pruskiej i brandenburskiej zwyczajnych [...] |
| 246 | 3 | 0 | _aKancyonał pruski zawieraiący w sobie wybór pieśni starych i nowych w ziemi pruskiey i brandenburskiey zwyczaynych [...] |
| 260 |
_aKrólewiec : _bHartung, _c1906. |
||
| 300 |
_a[1023] s. pag. varia ; _c18 cm. |
||
| 336 |
_aTekst _btxt _2rdacontent |
||
| 337 |
_aBez urządzenia pośredniczącego _bn _2rdamedia |
||
| 338 |
_aWolumin _bnc _2rdacarrier |
||
| 500 | _aCzcionka gotycka. | ||
| 546 | _aTekst tł. z niem. z zachowaniem oryginalnych tytułów pieśni. | ||
| 650 | 4 |
_aPieśni religijne niemieckie _vteksty _vtłumaczenia polskie. _2kaba _95048 |
|
| 650 | 4 |
_aKościół ewangelicko-augsburski _vpieśni religijne. _2kaba _95047 |
|
| 650 | 4 |
_aModlitwy _xKościół ewangelicko-augsburski. _2kaba _95049 |
|
| 942 |
_2ddc _cBK_NM |
||
| 999 |
_c27625 _d27625 |
||